000 00470cam a2200169ua 4500
001 5776
008 131009n ii |||gr||||Z||||||eng
040 _cMAIN
082 _a954
100 1 _aAhmed Nizami,Khaliq,
_eAuthor.
245 _aMedieval Indian History And Culture
_cby Khaliq Ahmed Nizami
260 _aAllahabad:
_bKitab Mahal Private LTD,
_c1966.
300 _a122p.
653 _aSouth Asia India
653 _aMedieval Indian History And Culture
942 _cBK
999 _c4934
_d4934